[Event "Texas Shining Jewel"]
[Site "chess24.com INT"]
[Date "2020.10.24"]
[Round "1.2"]
[White "Munoz, Claudia"]
[Black "Sliwicka, Alicja"]
[Result "0-1"]
[WhiteElo "1810"]
[BlackElo "2311"]
[PlyCount "38"]
[EventDate "2020.10.24"]
[EventType "team-match (rapid)"]
[EventRounds "4"]
[EventCountry "USA"]
[SourceTitle "CBM 199 Extra"]
[Source "ChessBase"]
[SourceDate "2021.01.31"]
[SourceVersion "1"]
[SourceVersionDate "2021.01.31"]
[SourceQuality "1"]
[WhiteTeam "Texas Tech"]
[BlackTeam "Texas Rio Grande Valley Univ"]
[WhiteTeamCountry "USA"]
[BlackTeamCountry "USA"]

1. d4 Nf6 2. c4 c5 3. d5 b5 4. b3 e6 5. Qd3 bxc4 6. bxc4 exd5 7. cxd5 d6 8. Nc3 Ba6 9. Qg3 Nbd7 10. Nf3 Rb8 11. Nh4 g6 12. Qe3+ Be7 13. h3 Ne5 14. g3 Nc4 15. Qf3 Nd7 16. Bg2 Qa5 17. Qd3 Bf6 18. Qe4+ Kd8 19. 0-0 Qxc3 0-1

[Event "North American-ch U20 Girls"]
[Site "Kitchener"]
[Date "2015.07.28"]
[Round "4"]
[White "Munoz, Claudia"]
[Black "Wang, Annie"]
[Result "0-1"]
[WhiteElo "1928"]
[BlackElo "2065"]
[PlyCount "76"]
[EventDate "2015.07.26"]
[EventType "swiss"]
[EventRounds "9"]
[EventCountry "CAN"]
[SourceTitle "EXT 2019"]
[Source "ChessBase"]
[SourceDate "2018.10.10"]
[SourceVersion "1"]
[SourceVersionDate "2018.10.10"]
[SourceQuality "1"]

1. d4 e6 2. c4 Nf6 3. a3 d5 4. Nc3 Be7 5. Nf3 b6 6. cxd5 exd5 7. Bf4 Nh5 8. Be5 f6 9. Bg3 Nxg3 10. hxg3 Be6 11. e3 Nd7 12. Bb5 Rc8 13. Bc6 0-0 14. Bxd5 Bxd5 15. Nxd5 Bd6 16. Qb3 Rf7 17. 0-0 Qe8 18. Nc3 c6 19. Rfe1 Kh8 20. Rad1 Re7 21. d5 Nc5 22. Qc2 cxd5 23. Rxd5 Ne4 24. Qd3 Nxc3 25. Rxd6 Ne4 26. Rd4 Nc5 27. Qf5 Rec7 28. Rh4 h6 29. g4 Ne6 30. b4 Rc4 31. Rh5 Rc3 32. g5 Qxh5 33. Qxe6 fxg5 34. Ne5 R3c7 35. g4 Qe8 36. Ng6+ Kh7 37. Qf5 Qxg6 38. Qxg6+ Kxg6 0-1

[Event "North American-ch U20 Girls"]
[Site "Kitchener"]
[Date "2015.07.26"]
[Round "1"]
[White "Qiao, Cindy"]
[Black "Munoz, Claudia"]
[Result "0-1"]
[WhiteElo "1589"]
[BlackElo "1928"]
[PlyCount "102"]
[EventDate "2015.07.26"]
[EventType "swiss"]
[EventRounds "9"]
[EventCountry "CAN"]
[SourceTitle "EXT 2019"]
[Source "ChessBase"]
[SourceDate "2018.10.10"]
[SourceVersion "1"]
[SourceVersionDate "2018.10.10"]
[SourceQuality "1"]

1. e4 e6 2. d4 d5 3. Nd2 Nf6 4. e5 Nfd7 5. f4 c5 6. Ngf3 Nc6 7. c3 Qb6 8. Nb3 cxd4 9. Nbxd4 a6 10. b3 Be7 11. Be2 0-0 12. Be3 Qc7 13. 0-0 Nc5 14. Bd3 f6 15. Nxc6 Qxc6 16. Bd4 f5 17. Rc1 b5 18. Bxc5 Bxc5+ 19. Nd4 Qb6 20. Bb1 b4 21. Qd3 a5 22. Rfd1 Ba6 23. Qd2 bxc3 24. Rxc3 Bb4 25. Rc6 Qxc6 26. Qxb4 Qd7 27. Qb6 Bc8 28. Rc1 Qa7 29. Rc6 Bd7 30. Rd6 Qxb6 31. Rxb6 Rfe8 32. Rd6 Ra7 33. Rb6 Kf7 34. Kf2 g6 35. a4 Rc8 36. Bd3 Rcc7 37. Ke3 Rcb7 38. Rd6 Rb4 39. Be2 Rc7 40. Kd3 Bc8 41. Bd1 Rc5 42. Rd8 Ba6+ 43. Ke3 Rc3+ 44. Kd2 Rd3+ 45. Kc2 Rbxd4 46. Bf3 Rd2+ 47. Kc1 Be2 48. Rd7+ Ke8 49. Rxh7 Rd1+ 50. Kc2 R4d2+ 51. Kc3 d4# 0-1

[Event "Wch U20 Girls 32nd"]
[Site "Pune"]
[Date "2014.10.14"]
[Round "8"]
[White "Afraoui, Solenn"]
[Black "Munoz, Claudia"]
[Result "1/2-1/2"]
[WhiteElo "1989"]
[BlackElo "1906"]
[PlyCount "104"]
[EventDate "2014.10.06"]
[EventType "swiss"]
[EventRounds "13"]
[EventCountry "IND"]
[SourceTitle "EXT 2015"]
[Source "ChessBase"]
[SourceDate "2014.11.20"]
[SourceVersion "1"]
[SourceVersionDate "2014.11.20"]
[SourceQuality "1"]

1. d4 Nf6 2. c4 e6 3. Nc3 Bb4 4. Nf3 c5 5. e3 0-0 6. Be2 b6 7. 0-0 Bb7 8. Qc2 Bxc3 9. Qxc3 Ne4 10. Qc2 d6 11. b3 Nd7 12. Bb2 f5 13. dxc5 Ndxc5 14. b4 Nd7 15. Nd4 Qe7 16. f3 Ng5 17. Qd2 a6 18. Rac1 e5 19. Nb3 Rf6 20. c5 dxc5 21. Rfd1 Rd8 22. bxc5 Rg6 23. Kh1 Nf7 24. Bc4 Rh6 25. Bxf7+ Kxf7 26. Qc2 Qg5 27. Qc4+ Ke8 28. Rd6 Rxd6 29. cxd6 Qf6 30. Ba3 Qf7 31. Qh4 h6 32. f4 Bd5 33. Qe7+ Qxe7 34. dxe7 Ra8 35. fxe5 Bxb3 36. axb3 Nxe5 37. Kg1 Ng6 38. Rc7 b5 39. Rb7 Ne5 40. h3 Nc6 41. Rc7 b4 42. Bb2 Nxe7 43. Bxg7 h5 44. Bd4 Rc8 45. Rxc8+ Nxc8 46. Bc5 a5 47. Kf2 Kf7 48. Ke2 Ke6 49. Kd3 Kd5 50. Bd4 Ne7 51. Bb6 Nc6 52. h4 Ke5 1/2-1/2

[Event "Wch U20 Girls 32nd"]
[Site "Pune"]
[Date "2014.10.08"]
[Round "3"]
[White "Brunello, Marina"]
[Black "Munoz, Claudia"]
[Result "1/2-1/2"]
[WhiteElo "2275"]
[BlackElo "1906"]
[PlyCount "62"]
[EventDate "2014.10.06"]
[EventType "swiss"]
[EventRounds "13"]
[EventCountry "IND"]
[SourceTitle "EXT 2015"]
[Source "ChessBase"]
[SourceDate "2014.11.20"]
[SourceVersion "1"]
[SourceVersionDate "2014.11.20"]
[SourceQuality "1"]

1. e4 e6 2. d4 d5 3. Nd2 Nf6 4. e5 Nfd7 5. Bd3 c5 6. c3 Nc6 7. Ne2 cxd4 8. cxd4 Qb6 9. Nf3 Bb4+ 10. Bd2 f6 11. exf6 Nxf6 12. Bxb4 Qxb4+ 13. Qd2 Qxd2+ 14. Nxd2 Nb4 15. Bb1 Bd7 16. a3 Nc6 17. 0-0 0-0 18. Nb3 b6 19. Bc2 a5 20. Rac1 a4 21. Nd2 Na5 22. Bd3 Rfc8 23. h4 b5 24. Rxc8+ Rxc8 25. Nc3 Rb8 26. Nf3 b4 27. axb4 Rxb4 28. Ra1 Nb3 29. Rd1 Na5 30. Ra1 Nb3 31. Rd1 Na5 1/2-1/2

[Event "Manchester-ch Girls"]
[Site "Manchester"]
[Date "2014.07.20"]
[Round "8.1"]
[White "Munoz, Claudia"]
[Black "Feng, Maggie"]
[Result "1/2-1/2"]
[WhiteElo "1841"]
[BlackElo "1890"]
[PlyCount "80"]
[EventDate "2014.07.17"]
[EventType "tourn"]
[EventRounds "9"]
[EventCountry "USA"]
[SourceTitle "EXT 2015"]
[Source "ChessBase"]
[SourceDate "2014.11.20"]
[SourceVersion "1"]
[SourceVersionDate "2014.11.20"]
[SourceQuality "1"]

1. d4 e6 2. c4 f5 3. Nc3 Nf6 4. Nf3 d5 5. e3 c6 6. Bd3 Bd6 7. 0-0 0-0 8. Bd2 Qe7 9. Qb3 Ne4 10. Rac1 Nd7 11. Ne2 Ndf6 12. Bc3 b6 13. Ne5 Bb7 14. f3 Nxc3 15. Qxc3 Rac8 16. c5 Bb8 17. b4 b5 18. Qc2 Nd7 19. Nxd7 Qxd7 20. e4 a6 21. exf5 exf5 22. Rce1 Rce8 23. Nc3 g6 24. Qf2 Rxe1 25. Rxe1 Re8 26. g3 Bc7 27. Rxe8+ Qxe8 28. Qe2 Qxe2 29. Nxe2 Bc8 30. f4 Kf7 31. Kf2 Kf6 32. Ng1 Bd7 33. Nf3 Be8 34. Ke3 Bd8 35. h3 h5 36. Ne5 Bc7 37. g4 hxg4 38. hxg4 Bb8 39. Kf3 Bc7 40. Kg3 Bd8 1/2-1/2

[Event "Manchester-ch Girls"]
[Site "Manchester"]
[Date "2014.07.18"]
[Round "3.5"]
[White "Munoz, Claudia"]
[Black "Virkud, Apurva"]
[Result "0-1"]
[WhiteElo "1841"]
[BlackElo "1954"]
[PlyCount "84"]
[EventDate "2014.07.17"]
[EventType "tourn"]
[EventRounds "9"]
[EventCountry "USA"]
[SourceTitle "EXT 2015"]
[Source "ChessBase"]
[SourceDate "2014.11.20"]
[SourceVersion "1"]
[SourceVersionDate "2014.11.20"]
[SourceQuality "1"]

1. d4 d5 2. c4 e6 3. Nc3 Nf6 4. Nf3 Be7 5. Bf4 0-0 6. e3 c5 7. cxd5 Nxd5 8. Nxd5 Qxd5 9. dxc5 Qxc5 10. Bd3 Qa5+ 11. Ke2 Nc6 12. a3 Bf6 13. Qc2 h6 14. h3 e5 15. Bh2 Be6 16. b4 Qb6 17. Rac1 Rac8 18. Qb1 a6 19. Rhd1 Rfd8 20. Kf1 Bd5 21. Be4 Bxe4 22. Qxe4 Qb5+ 23. Kg1 Qa4 24. Rd3 Rxd3 25. Qxd3 Rd8 26. Qc3 e4 27. Nd4 Nxd4 28. exd4 Bxd4 29. Qc7 Bb6 30. Qc4 Rd1+ 31. Rxd1 Qxd1+ 32. Qf1 Bxf2+ 33. Kxf2 e3+ 34. Kg1 e2 35. Qxd1 exd1Q+ 36. Kf2 Qb3 37. Bf4 Qxa3 38. Bd2 b6 39. Ke2 a5 40. bxa5 bxa5 41. Kf2 a4 42. Ke2 Qb3 0-1

[Event "Manchester-ch Girls"]
[Site "Manchester"]
[Date "2014.07.17"]
[Round "2.5"]
[White "Yu, Jennifer R"]
[Black "Munoz, Claudia"]
[Result "0-1"]
[WhiteElo "1900"]
[BlackElo "1841"]
[PlyCount "100"]
[EventDate "2014.07.17"]
[EventType "tourn"]
[EventRounds "9"]
[EventCountry "USA"]
[SourceTitle "EXT 2015"]
[Source "ChessBase"]
[SourceDate "2014.11.20"]
[SourceVersion "1"]
[SourceVersionDate "2014.11.20"]
[SourceQuality "1"]

1. c4 Nf6 2. Nc3 e6 3. e4 d5 4. e5 Ne4 5. Nf3 Be7 6. d4 c5 7. Bd3 Nxc3 8. bxc3 Nc6 9. 0-0 0-0 10. a3 dxc4 11. Bxc4 a6 12. Be3 Qc7 13. Bd3 b5 14. Ng5 h6 15. Ne4 cxd4 16. cxd4 f5 17. exf6 Bxf6 18. Rc1 Bd7 19. Qg4 e5 20. Qg3 Qd8 21. Bxh6 Nxd4 22. Nxf6+ Qxf6 23. Bg5 Qd6 24. Rfe1 Rae8 25. Bb1 Bc6 26. Re3 Nf5 27. Bxf5 Rxf5 28. Rec3 Bd5 29. Rd3 Qg6 30. Rxd5 Rxg5 31. Qh3 Rf8 32. g3 Rgf5 33. Rd2 Qf7 34. Qg2 Rf3 35. Ra1 e4 36. h3 Qc4 37. Qf1 Qc3 38. Qc1 Qxc1+ 39. Rxc1 e3 40. fxe3 Rxg3+ 41. Kh2 Rxe3 42. Rc7 Rff3 43. Rdd7 Rxh3+ 44. Kg2 Rhg3+ 45. Kf2 Rxa3 46. Ra7 b4 47. Rd4 Rgc3 48. Ke2 Ra2+ 49. Kd1 Rh3 50. Rd2 Rh1+ 0-1

[Event "Wch U16 Girls"]
[Site "Al Ain"]
[Date "2013.??.??"]
[Round "6"]
[White "Heinemann, Josefine"]
[Black "Munoz, Claudia"]
[Result "1-0"]
[WhiteElo "2008"]
[BlackElo "1781"]
[PlyCount "125"]
[EventDate "2013.12.18"]
[EventType "swiss"]
[EventRounds "11"]
[EventCountry "UAE"]
[SourceTitle "CBM 158 Extra"]
[Source "ChessBase"]
[SourceDate "2014.02.28"]
[SourceVersion "1"]
[SourceVersionDate "2014.02.28"]
[SourceQuality "1"]

1. e4 Nf6 2. e5 Nd5 3. d4 d6 4. c4 Nb6 5. exd6 exd6 6. Nf3 Bg4 7. Nc3 Be7 8. Be2 0-0 9. 0-0 Nc6 10. b3 Re8 11. Be3 Bf6 12. Rc1 d5 13. c5 Nc8 14. b4 N8e7 15. b5 Na5 16. h3 Be6 17. Bg5 Ng6 18. Qd2 b6 19. c6 h6 20. Be3 Ne7 21. Rfd1 Nf5 22. Bf4 Nd6 23. Bd3 Ndc4 24. Qc2 Be7 25. Bf5 Bd6 26. Ne5 Qf6 27. Bxe6 fxe6 28. Nxc4 Bxf4 29. Ne3 Nc4 30. Nexd5 Bh2+ 31. Kh1 exd5 32. Nxd5 Qe6 33. Qxc4 Bd6 34. Ne3 Qxc4 35. Rxc4 Rf8 36. Rc2 Rad8 37. g3 g6 38. Kg2 Kg7 39. Nc4 Rf5 40. a4 Bf8 41. Ne3 Rf6 42. f4 Kf7 43. Kf3 Bb4 44. Ng4 Rfd6 45. Ne5+ Kf6 46. Nd7+ Ke6 47. Ke4 Rd5 48. g4 Rd6 49. f5+ Kf7 50. Ne5+ Kf6 51. fxg6 Re8 52. Rf2+ Ke7 53. g7 Rf6 54. Rxf6 Kxf6 55. Rf1+ Ke7 56. Rf7+ Kd8 57. Kf5 Be7 58. Ng6 Rg8 59. Nxe7 Ke8 60. Nxg8 Kxf7 61. d5 Kxg8 62. Kf6 Kh7 63. Kf7 1-0

[Event "Pan American-ch U14 Girls"]
[Site "Cali"]
[Date "2011.07.08"]
[Round "9"]
[White "Felix Vega, Aurora Edith"]
[Black "Munoz, Claudia"]
[Result "1-0"]
[WhiteElo "1826"]
[BlackElo "1801"]
[PlyCount "67"]
[EventDate "2011.07.03"]
[EventType "swiss"]
[EventRounds "9"]
[EventCountry "COL"]
[SourceTitle "CBM 143 Extra"]
[Source "ChessBase"]
[SourceDate "2011.08.29"]
[SourceVersion "1"]
[SourceVersionDate "2011.08.29"]
[SourceQuality "1"]

1. e4 e6 2. Nf3 d5 3. Nc3 Nf6 4. e5 Nfd7 5. d4 c5 6. dxc5 Bxc5 7. Bd3 0-0 8. Bxh7+ Kh8 9. Bd3 Qb6 10. 0-0 Be7 11. Re1 Kg8 12. Ne2 f6 13. exf6 Bxf6 14. Nf4 Nc5 15. Rb1 Nc6 16. Ng6 Re8 17. Bg5 Qd8 18. Bxf6 Qxf6 19. Nfe5 Nxe5 20. Rxe5 Nxd3 21. Qxd3 Kf7 22. Re3 Kg8 23. Ne5 Qf5 24. Qe2 b6 25. Re1 Rb8 26. Rf3 Qg5 27. Rg3 Qf6 28. Qh5 Rb7 29. Qxe8+ Kh7 30. Rh3+ Qh6 31. Rxh6+ gxh6 32. Qg6+ Kh8 33. Nf7+ Rxf7 34. Qxf7 1-0

[Event "Pan American-ch U14 Girls"]
[Site "Cali"]
[Date "2011.07.04"]
[Round "3"]
[White "Smith, Javanna"]
[Black "Munoz, Claudia"]
[Result "1-0"]
[WhiteElo "1684"]
[BlackElo "1801"]
[PlyCount "73"]
[EventDate "2011.07.03"]
[EventType "swiss"]
[EventRounds "9"]
[EventCountry "COL"]
[SourceTitle "CBM 143 Extra"]
[Source "ChessBase"]
[SourceDate "2011.08.29"]
[SourceVersion "1"]
[SourceVersionDate "2011.08.29"]
[SourceQuality "1"]

1. e4 e6 2. d4 d5 3. Nd2 Nf6 4. e5 Nfd7 5. Ngf3 c5 6. dxc5 Bxc5 7. Nb3 Bb6 8. c4 dxc4 9. Bxc4 h6 10. Qe2 Nc6 11. Bd2 Qe7 12. 0-0 0-0 13. Bf4 Nc5 14. Nxc5 Bxc5 15. Bg3 Qc7 16. Rac1 Qb6 17. Kh1 Nd4 18. Nxd4 Bxd4 19. Bb3 a5 20. Rc2 Bd7 21. Rd1 Bb5 22. Qg4 Bc5 23. Bh4 Kh8 24. Qf4 Rae8 25. Bf6 Kh7 26. Qe4+ g6 27. Qh4 Rg8 28. Rcd2 Qc7 29. Rc1 b6 30. Rc3 Qb7 31. Rh3 Bf8 32. Bg5 h5 33. Bc2 Kg7 34. Bf6+ Kh6 35. Qg5+ Kh7 36. Rxh5+ Bh6 37. Qxh6# 1-0